Assam history : (Record no. 6814)

MARC details
000 -LEADER
fixed length control field 00523cam a2200217ua 4500
001 - CONTROL NUMBER
control field 7697
005 - DATE AND TIME OF LATEST TRANSACTION
control field 20260515114239.0
008 - FIXED-LENGTH DATA ELEMENTS--GENERAL INFORMATION
fixed length control field 141220n ii |||gr||||Z||||||asm
020 ## - INTERNATIONAL STANDARD BOOK NUMBER
International Standard Book Number 108173390091
040 ## - CATALOGING SOURCE
Transcribing agency MAIN
041 ## - LANGUAGE CODE
Language code of text/sound track or separate title asm
082 ## - DEWEY DECIMAL CLASSIFICATION NUMBER
Classification number 954.162
100 ## - MAIN ENTRY--PERSONAL NAME
Personal name Hussain, T. A.,
Relator term Author.
245 ## - TITLE STATEMENT
Title Assam history :
Remainder of title 1826-1947 /
Statement of responsibility, etc. By T. A. Hussain .
250 ## - EDITION STATEMENT
Edition statement 2nd.
260 ## - PUBLICATION, DISTRIBUTION, ETC.
Place of publication, distribution, etc. Dibrugarh:
Name of publisher, distributor, etc. Banalata,
Date of publication, distribution, etc. 2012.
300 ## - PHYSICAL DESCRIPTION
Extent 125p.
653 ## - INDEX TERM--UNCONTROLLED
Uncontrolled term South Asia India
653 ## - INDEX TERM--UNCONTROLLED
Uncontrolled term Assam history
942 ## - ADDED ENTRY ELEMENTS (KOHA)
Koha item type Books
Holdings
Withdrawn status Lost status Damaged status Not for loan Home library Current library Shelving location Date acquired Total checkouts Full call number Barcode Date last seen Copy number Price effective from Koha item type Date last checked out
        Naharkatiya College Library Naharkatiya College Library General stacks 09/19/2020   954.162 | HUS 22669 09/19/2020 3 09/19/2020 Books  
        Naharkatiya College Library Naharkatiya College Library General stacks 09/19/2020 3 954.162 | HUS 22670 06/30/2023 2 09/19/2020 Books 04/18/2023
        Naharkatiya College Library Naharkatiya College Library General stacks 09/19/2020 5 954.162 | HUS 22671 06/06/2024 1 09/19/2020 Books 04/24/2024